| 000 | 00840cab a22001935a 4500 | ||
|---|---|---|---|
| 001 | L153091 | ||
| 008 | 110607s2011 xxka f 000 0 eng d | ||
| 035 | _a(Sirsi) u153091 | ||
| 041 | 0 | _aeng | |
| 245 | 0 | 0 |
_aStandard forms of partnering contracts _bthe ultimate contractual commitment? Part 4 |
| 260 | _c2011 | ||
| 490 |
_aCivil Engineering Surveyor _vJune 2011, 39-43(4) |
||
| 520 | _aConsiders how the forms address issues related to the cost of the project to the client and associated safeguards, together with the value to the contractor and associated incentives; considers PPC2000, SPC2000, TPC2005, NEC3 and JCT. | ||
| 590 | _aKA | ||
| 651 | 4 |
_aUnited Kingdom _y |
|
| 690 | _aBUILT ENVIRONMENT-BUILDING CONTRACT FORMS-STANDARD FORMS OF BUILDING CONTRACT | ||
| 690 | _aBUILT ENVIRONMENT-CONSTRUCTION MANAGEMENT | ||
| 942 | _n0 | ||
| 999 |
_c83183 _d83183 |
||